El derecho ambiental en la jurisprudencia del tribunal constitucional / (Registro nro. 173156)
[ vista simple ]
| 000 -LEADER | |
|---|---|
| fixed length control field | 01072nam a22003251i 4500 |
| 001 - CONTROL NUMBER | |
| control field | bslw10083460 |
| 006 - FIXED-LENGTH DATA ELEMENTS--ADDITIONAL MATERIAL CHARACTERISTICS--GENERAL INFORMATION | |
| fixed length control field | m o d |
| 007 - PHYSICAL DESCRIPTION FIXED FIELD--GENERAL INFORMATION | |
| fixed length control field | cr un ---uuuua |
| 008 - FIXED-LENGTH DATA ELEMENTS--GENERAL INFORMATION | |
| fixed length control field | 230830e202305 pe ob 000 0 spa d |
| 020 ## - INTERNATIONAL STANDARD BOOK NUMBER | |
| International Standard Book Number | 9786123253332 |
| 035 ## - | |
| -- | 38860 |
| 040 ## - CATALOGING SOURCE | |
| Original cataloging agency | UtOrBLW |
| Language of cataloging | eng |
| Description conventions | rda |
| Transcribing agency | UtOrBLW |
| 043 ## - | |
| -- | s-pe--- |
| 050 #4 - | |
| -- | KHQ3421 |
| -- | .G36 2023 |
| 082 04 - | |
| -- | 344.85046 |
| -- | 23 |
| 100 1# - MAIN ENTRY--PERSONAL NAME | |
| Personal name | Gamboa Balbín, César Leonidas, |
| Relator term | author. |
| 245 10 - TITLE STATEMENT | |
| Title | El derecho ambiental en la jurisprudencia del tribunal constitucional / |
| Statement of responsibility, etc | estudio preliminar de César Gamboa Balbín. |
| 250 ## - | |
| -- | Primera edición. |
| 264 #1 - | |
| -- | Perú : |
| -- | Palestra Práctica, |
| -- | mayo de 2023. |
| 300 ## - PHYSICAL DESCRIPTION | |
| Extent | 1 online resource (179 pages) |
| 336 ## - | |
| -- | text |
| -- | txt |
| -- | rdacontent |
| 337 ## - | |
| -- | computer |
| -- | c |
| -- | rdamedia |
| 338 ## - | |
| -- | online resource |
| -- | cr |
| -- | rdacarrier |
| 504 ## - BIBLIOGRAPHY, ETC. NOTE | |
| Bibliography, etc | Includes bibliographical references. |
| 650 #0 - SUBJECT ADDED ENTRY--TOPICAL TERM | |
| Topical term or geographic name as entry element | Environmental law |
| Geographic subdivision | Peru. |
| 650 #0 - SUBJECT ADDED ENTRY--TOPICAL TERM | |
| Topical term or geographic name as entry element | Constitutional law |
| Geographic subdivision | Peru. |
| 856 40 - LOCALIZACIÓN Y ACCESO ELECTRÓNICO | |
| Identificador Uniforme del Recurso (URI/URL) | https://app.vlex.com/#/sources/38860 |
| 942 ## - | |
| -- | RAA |
| 999 ## - | |
| -- | 173156 |
| -- | 173156 |
No hay ítems disponibles.